LEADER 01142nam0-2200349---450- 001 990009850600403321 005 20140416154300.0 010 $a978-88-498-3704-9 035 $a000985060 035 $aFED01000985060 035 $a(Aleph)000985060FED01 035 $a000985060 100 $a20140416d2013----km-y0itay50------ba 101 0 $aita 102 $aIT 105 $ay-------001yy 200 1 $aStalin a Venezia$el'Urss alla Mostra del cinema fra diplomazia culturale e scontro ideologico (1932-1953)$fStefano Pisu$gprefazione di Pierre Sorlin$gintervista a Gian Luigi Rondi 210 $aSoveria Mannelli$cRubbettino$d2013 215 $a284 p.$d23 cm 225 1 $aUniversità 610 0 $aVenezia$aMostra Internazionale d'Arte Cinematografica$aUnione Sovietica$a1932-1953 676 $a791.430947$v22$zita 700 1$aPisu,$bStefano$f<1980- >$0522695 702 1$aSorlin,$bPierre 702 1$aRondi,$bGian Luigi 801 0$aIT$bUNINA$gREICAT$2UNIMARC 901 $aBK 912 $a990009850600403321 952 $aXIII B 906$b51132$fFSPBC 959 $aFSPBC 996 $aStalin a Venezia$9825883 997 $aUNINA LEADER 01424nam 2200421Ia 450 001 9910697080503321 005 20230902162241.0 035 $a(CKB)5470000002384094 035 $a(OCoLC)652944389 035 $a(EXLCZ)995470000002384094 100 $a20100805d2009 ua 0 101 0 $aeng 135 $aurbn||||||||| 181 $ctxt$2rdacontent 182 $cc$2rdamedia 183 $acr$2rdacarrier 200 00$aMars Exploration Rover flight operations technical consultation$b[electronic resource] /$fDave S. Leckrone ... [and others] 210 1$aHampton, Va. :$cNational Aeronautics and Space Administration, Langley Research Center,$d[2009] 215 $a1 online resource (52 pages) 225 1 $aNASA/TM ;$v2009-215713 300 $aTitle from title screen (viewed on Aug. 5, 2010). 300 $a"April 2009." 300 $a"NESC-RP-04-10/03-004-E." 410 0$aNASA technical memorandum ;$v215713. 606 $aMars missions$2nasat 606 $aNASA programs$2nasat 606 $aMars roving vehicles$2nasat 615 7$aMars missions. 615 7$aNASA programs. 615 7$aMars roving vehicles. 701 $aLeckrone$b Dave S$01391356 712 02$aLangley Research Center. 801 0$bGPO 801 1$bGPO 906 $aBOOK 912 $a9910697080503321 996 $aMars Exploration Rover flight operations technical consultation$93445081 997 $aUNINA